000
00311nam a2200109Ia 4500
008
171211s9999 xx 000 0 und d
245
_a
Art and the Church: A Fractious Embrace
245
_c
Jonathan Koestlé-Cate
260
_c
2016
650
_x
Religion
856
_u
http://down.ebook777.com/063/1472437624.pdf
999
_c
350464
_d
350464